[Event "Morrovalle op 3rd"]
[Site "Trodica di Morrovalle"]
[Date "2013.08.16"]
[Round "1"]
[White "Norscini, Stefano"]
[Black "Campini, Marco"]
[Result "1-0"]
[WhiteElo "1700"]
[BlackElo "2086"]
[PlyCount "111"]
[EventDate "2013.08.16"]
[EventType "swiss"]
[EventRounds "5"]
[EventCountry "ITA"]
[SourceTitle "EXT 2015"]
[Source "ChessBase"]
[SourceDate "2014.11.20"]
[SourceVersion "1"]
[SourceVersionDate "2014.11.20"]
[SourceQuality "1"]

1. d4 d5 2. c4 e6 3. Nc3 Be7 4. cxd5 exd5 5. Nf3 Nf6 6. Bg5 0-0 7. e3 b6 8. Bd3 Bb7 9. 0-0 Nbd7 10. Rc1 c5 11. dxc5 bxc5 12. Qe2 Ne4 13. Bxe7 Qxe7 14. Bxe4 dxe4 15. Nd2 f5 16. Qc4+ Rf7 17. a3 Ne5 18. Qa2 Rd8 19. Nc4 Nd3 20. Rc2 Kh8 21. Na5 Ba8 22. Nc4 Rf6 23. Ne2 Rh6 24. Ng3 Qh4 25. h3 Qf6 26. Qa1 Bd5 27. b3 Qe6 28. Qc3 Rc8 29. Nd6 Qxd6 30. Nxf5 Qf6 31. Nxh6 Qxh6 32. b4 Qe6 33. bxc5 Bb3 34. Rd2 Rxc5 35. Qd4 Rg5 36. Qd8+ Qg8 37. Qxg5 h6 38. Qe7 Qc4 39. Rb1 a6 40. Qb7 Ba4 41. Qb8+ Kh7 42. Qd6 Qc3 43. Qd4 Qc6 44. Rb6 Qc1+ 45. Kh2 Bc6 46. Rxd3 exd3 47. Qxd3+ Kg8 48. Rb8+ Kf7 49. Qf5+ Ke7 50. Qe5+ Kd7 51. Qxg7+ Kd6 52. Qf6+ Kd5 53. Qd4+ Ke6 54. Rb6 Qc2 55. Rxa6 Ke7 56. Qb6 1-0